000 01460nam a2200361 c 4500
003 BLK
005 20180420222456.0
008 180408b bul|||||r ||||||| ||bul||
010 _aKNG00059181000
020 _a954-01-1691-0
_bиздат.: Просвета
040 _aBLK
041 _aBUL
_cBUL
080 _aБългарска литература
_b821.163.2
_x-1.09
_z821.163.2-1.09
100 1 _aКамбуров, Димитър Костадинов
_eпърви автор
_9286062
139 _aКамбуров, Димитър Костадинов
_bК 22
245 1 0 _aБългарска лирическа класика
_cДимитър Костадинов Камбуров.
257 _aBGR
260 София
_bПросвета
_c2004
_fСофия : Инвестпрес
300 _a342 с.
_c20 см
380 _a82
490 1 _aНова българска критика
500 _aОфс. изд. - Съдържа и за авт.
650 4 _aПоезия, българска - теми, образи, сюжети
_9242871
650 4 _aПоети, български - творчество
_9250545
653 _aбългарски поети
653 _aбългарска поезия
653 _aлитературна критика
852 _aЦб 227035
856 4 _qpdf
_u
856 4 _qpdf
_u
942 _cKNG
_n0
944 _aCR
_c05.04.2006
_kЛюдмила_Стоянова
944 _aED
_c30.05.2016
_kПенка_Димитрова
999 _c55216
_d55216